000 01404nam a22002537a 4500
999 _c59689
_d59689
003 Ge_BSU
005 20230403143706.0
008 230403s2005 ge ||||| |||| 00| 0 geo d
020 _a9994004468
041 _ageo
080 _a392(=35) + 008(479) ხ-52
100 _aხიდაშელი, მანანა
_910461
245 _aრიტუალი და სიმბოლო არქაულ კულტურაში /
_cმანანა ხიდაშელი ; [რედ.: თამაზ ჭყონია (მთ. რედ.), ნანა ხაზარაძე] ; საქ. მეცნ. აკად., ისტ. და ეთნოლ. ინ-ტი.
264 _aთბილისი :
_b [მემატიანე],
_c2005.
300 _a307 გვ. :
_b ილ. ;
_c20 სმ.
504 _aბიბლიოგრ.: გვ. 296-306.
520 _aრეზ. რუს. და ინგლ. ენ.
653 _aკავკასიური კულტურა
653 _aტრადიციები კავკასიაში
700 _aჭყონია, თამაზ
_eრედაქტორი
_917431
700 _aხაზარაძე, ნანა
_eრედაქტორი.
_917432
710 _aსაქ. მეცნ. აკად., ისტ. და ეთნოლ. ინ-ტი.
_917433
942 _2udc
_cBK